000 00252nam a22001217a 4500
003 SGT
082 _a920.008
_bBOL
100 _aBOLIVAR SIMON
245 _aTHE HOPE OF THE UNIVERSE
260 _aFRANCE
_bUNESCO
_c1983
300 _a326
942 _2ddc
_cBK
999 _c33359
_d33359